00505nam a22001577a 450000500170000000800410001702000180005804100130007608200150008910000500010424500600015425000190021426000540023330000340028765000260032120240201102300.0240201b |||||||| |||| 00| 0 eng d a9781485108559 aEnglish  a346.5 DEW  aDe Waal, MJ and Schoeman-Malan, MC lEnglish  aLaw of Succession / cMJ De Waal and MC Schoeman-Malan  aFifth Edition  aCape Town : bJuta and Company (Pty) Ltd, c2015  bxlviii, 283 pages ; c26 cm.  aLegal practice bLaw